000 01613nam0a2200373 4500
001 RU\NLR\BIBL_A\010694801
005 20250614085214.0
010 _a978-5-222-23286-6
_92000
021 _aRU
_b2015-1899
_9117
035 _a(NILC)RuMoRGB-007853469
035 _a(NLR Aleph) 010694801
090 _a9698506
_c9698506
100 _a20150311d2015 |||y0rusy50 ca
101 1 _arus
_cund
102 _aRU
105 _aa|||z|||000yy
200 1 _aСейчас-ради-потом в психотерапии
_eгештальт-терапия, рассказанная в обществе эпохи постмодернизма
_e[перевод]
_fМаргерита Спаниоло Лобб
210 _aРостов-на-Дону
_cФеникс
_d2015
215 _a365, [1] с.
_cил.
_d20
225 1 _aСерия "Психологический практикум"
300 _aНа 4-й с. обл. авт.: Маргерита Спаниоло Лобб психолог, психотерапевт, гештальт-терапевт
320 _aБиблиогр. в подстроч. примеч.
333 _a12+
606 _aГештальт-терапия
_91419661
_3RU\NLR\AUTH\66287628
610 0 _aгештальт-терапия
686 1 _aР357.19
686 1 _aЮ948.1-82
700 1 _aСпаниоло Лобб
_bМ.
_gМаргерита
_9147580
_3RU\NLR\AUTH\770147616
801 0 _aRU
_bРГБ
_c20150126
_gRCR
942 _cBOOK
980 _aNBR
980 _aNB